000 22960nas1a22019691i 4500
001 RU\NLR\INFOCOMM15\1000083701
005 20240725200942.0
011 _a0203-1906
035 _a(NLR Aleph) 002436913
090 _a2046343
_c2046343
100 _a20040303b19641984|||y0rusy50 ca
101 0 _arus
102 _aRU
110 _azyu||||0|y0
200 1 _aЖелезнодорожный транспорт
_iПуть и путевое хозяйство
_fЦНИИ информ., техн.-экон. исслед. и пропаганды ж.-д. трансп.
210 _aМ.
_d1964-1984
300 _aВ надзаг. также: М-во путей сообщ. СССР
311 _aВ 1983 из данного изд. выделился научно-технический реферативный сборник и вошел в: Железнодорожный транспорт. Серия 4. Путь и путевое хозяйство. Проектирование и строительство: Науч.-техн. реф. сб. (ш. П10/5973)
311 _aПосле вып.133[1] (1984) разделилось на: Железнодорожный транспорт. Серия Путь и путевое хозяйство: Обзор. информ. (ш. П10/6278), ... Обзор. информ. по передовому произв. опыту (ш. П10/6348) и ... Экспресс-информ. (ш. П49/2265)
430 1 _12001#$aПуть и путевое хозяйство$iСерия
_tПуть и путевое хозяйство
430 1 _12001#$aПуть и путевое хозяйство
_tПуть и путевое хозяйство
441 1 _12001#$aЖелезнодорожный транспорт$eНауч.-техн. реф. сб.$hСерия 4$iПуть и путевое хозяйство. Проектирование и строительство
_1852##$aNLR$jП10/5973
_tЖелезнодорожный транспорт
446 1 _12001#$aЖелезнодорожный транспорт$eОбзор. информ.$iПуть и путевое хозяйство
_1852##$aNLR$jП10/6278
_tЖелезнодорожный транспорт
446 1 _12001#$aЖелезнодорожный транспорт$eОбзор. информ. по передовому произв. опыту$iПуть и путевое хозяйство
_1852##$aNLR$jП10/6348
_tЖелезнодорожный транспорт
446 1 _12001#$aЖелезнодорожный транспорт$eЭкспресс-информ.$iПуть и путевое хозяйство
_1852##$aNLR$jП49/2265
_tЖелезнодорожный транспорт
801 1 _aRU
_bInfoComm
_c20040303
801 0 _aRU
_bNLR
_gPSBO
852 _aNLR
_jП10/2826
942 _cSE
980 _aRUSPER